000 00571nam a22001697a 4500
003 OSt
005 20260312115817.0
008 260312b |||||||| |||| 00| 0 eng d
040 _cMRSPTU
041 _aEnglish
100 _aAjay Wadhawan, Supervisor: Sonia Grover
245 _aEmission Constrained Economic Dispatch With Scheduling of PV Generation Using Particle Swarm Optimization
260 _bDepartment of EE, MRSPTU, Bathinda
_c2016
650 _aElectrical Engineering
856 _uhttp://163.47.215.52:8080/jspui/handle/123456789/1185
942 _2ddc
_cTH
_n0
999 _c11128
_d11128